Reapropiarnos.

Zapisane w:
Opis bibliograficzny
Korporacja: AFI Woman (autora)
Kolejni autorzy: Eltit, Diamela (prólogo)
Format: Nieznany
Wydane: Santiago, Chile: LOM ediciones, 2022.
Wydanie:Primera edición
Seria:Colección Mal de ojo. Serie Cazador de sombras.
Hasła przedmiotowe:
Etykiety: Dodaj etykietę
Nie ma etykietki, Dołącz pierwszą etykiete!

MARC

LEADER 00000 a2200000 4500
003 CL-VaPUC
005 20230412152438.0
008 230315t2022 ||||| |||| 00| 0 eng d
020 |a 978-956-00-1656-0 
040 |c Pontificia Universidad Católica de Valparaíso 
082 |2 22  |a 779.0983 AFI 2022 
110 1 |a AFI Woman   |e autora  |9 880656 
245 |a Reapropiarnos. 
250 |a Primera edición  
260 |a Santiago, Chile:  |b LOM ediciones,  |c 2022. 
300 |a 109 páginas;   |b  ilustraciones.  
490 |a Colección Mal de ojo. Serie Cazador de sombras.  
583 |k GC  |c 20230315 
650 0 |9 880685  |a Fotografía histórica  |x Estallido social   |y 2019 y 2020  |z Chile  
650 0 |9 315241  |a Movimientos sociales  |v Fotografías  |y 2019 y 2020  |z Chile  
700 |a Eltit, Diamela  |9 438400  |e prólogo 
942 |2 ddc  |c BK 
999 |c 440163  |d 440161 
952 |0 0  |1 0  |2 ddc  |4 0  |6 779_098300000000000_AFI_2022  |7 0  |8 R  |9 589084  |a BIBART  |b BIBART  |c RES  |d 2023-03-15  |e 11  |g 25600.47  |i 5656659  |o 779.0983 AFI 2022  |p 5656659  |r 2025-03-13  |t 1  |v 25600.47  |w 2023-03-15  |y BK_R  |k ART 
952 |0 0  |1 0  |2 ddc  |4 0  |6 779_098300000000000_AFI_2022  |7 0  |8 R  |9 589585  |a BIBART  |b BIBART  |c RES  |d 2023-04-11  |e 45  |g 26100.00  |i 5657095  |o 779.0983 AFI 2022  |p 5657095  |r 2025-03-13  |t 2  |v 26100.00  |w 2023-04-11  |y BK_R  |k ART